00313nam a2200109Ia 45000010005000000080041000050200022000460820023000681000017000912450074001082600021001823382241024s9999 xx 000 0 und d a978-9945-16-253-0 aRD/972.97293/R763r aSanto Romero 0aRaíces etnico-culturales y divisiones territoriales de nuestra isla bEd. Búhoc2008